| 000 | 01190nkm a2200265 i 4500 | ||
|---|---|---|---|
| 001 | 4402 | ||
| 003 | ES-MaACL | ||
| 005 | 20250713063033.0 | ||
| 007 | khrbo | ||
| 008 | 070711s1988 sp --- g |001||spa d | ||
| 100 | 0 |
_aAlfonso, _d1902-1990 _919858 |
|
| 245 | 1 | 0 |
_aGenealogía y factores hereditarios [ _hFotografía] / _cAlfonso (sello). |
| 260 |
_a[S.l. : _bs.n.], _c1988. |
||
| 300 |
_a2 fot. : _bb. y n. ; _c12 x 18 cm. |
||
| 500 | _aDatos basados en invitación. | ||
| 511 | 0 | _aInterviene: César Navarro de Francisco. | |
| 518 | _aActo organizado por el Ateneo de Madrid en colaboración con la Asociación de Diplomados en Genealogía, Heráldica y Nobiliaria, celebrado en la sala de conferencias el lunes, 11 de abril de 1988, a las 20:00 h. | ||
| 600 | 1 | 4 |
_aNavarro de Francisco, César, _d1932- _985113 |
| 610 | 2 | 4 |
_aAteneo de Madrid- _xActos culturales- _y1988- _vFotografías. _91903 |
| 710 | 2 |
_aAteneo de Madrid. _91875 |
|
| 710 | 2 |
_aAsociación de Diplomados en Genealogía, Heráldica y Nobiliaria. _91579 |
|
| 852 |
_aES-MaACL _jFOT 216/1988 |
||
| 856 | 4 |
_uhttp://www.ateneodemadrid.net/biblioteca_digital/imagenes/1988/0216-1988.jpg _zVer imagen |
|
| 999 |
_c4402 _d4402 |
||